00000000nam##2200000za#4500
0019.635623
003CaOODSP
00520210624220338
007cr |||||||||||
008150407|2008||||xxc|||||o    f|0| 0 fre|d
040 |aCaOODSP|bfre
043 |an-cn---
0861 |aF2-186/2008F-PDF
1101 |aCanada. |bMinistère des finances.
24510|aCadre de gestion du risque de trésorerie du gouvernement du Canada |h[ressource électronique]
260 |aOttawa - Ontario : |bFinances Canada |cMise à jour en janvier 2008.
300 |a44p.|bfigures, tableaux
590 |a08-30|b2008-07-25
69107|aPolitique fiscale|2gcpds
69107|aGestion des risques|2gcpds
77508|tTreasury risk management framework for the government of Canada |w(CaOODSP)9.691291
85640|ahttp://publications.gc.ca|qPDF|s305 Ko|uhttps://publications.gc.ca/collections/collection_2008/fin/F2-186-2008F.pdf